01129nam a2200229 a 450000100100000000500170001000800410002704000250006808200240009311001120011724500930022926000700032230000240039250001020041659000260051865000460054465100750059065000530066591000420071895201220076099900170088200002149420200930011339.0100908s1978 dr a r 000 0 spa d aDO-SdBNPbspacBNPHU a352.48bR426p, 19781 aRepública Dominicana.bSecretariado Técnico de la Presidencia.bOficina Nacional de Presupuesto.93226610aPresupuestos de ingresos y gastos de instituciones descentralizadas y autónomas 1978/. aSanto Domingo :bSecretariado Técnico de la Presidencia,c1978. av. :bil. ;c28 cm. aPublicación complementaria al presupuesto de ingresos y ley de gastos públicos del año 1988 aInventariado, 2018/BT 4aPresupuestozRepública Dominicana97940 4aRepública DominicanaxGastos Presupuestarios Públicosy1978944806 4aHacienda públicazRepública Dominicana96562 aValidado. Control de calidad. MMOLINA 0010718PDaPDbPDcHDd2010-09-08iLF1l0o352.48 R426p, 1978p21494-10r2020-06-25w2020-06-25yLFPDZNo se presta c20994d20994